Незаполненные бланки анкет и заявлений кадетской партии

Доступно только в Электронных читальных залах Найти на картеНа карте
RUSMARC
00003843nac2a22002651x 450
00155f14533-ccc0-4638-aee8-f31a2a1fae7e
00520131127000412.0
100##$a20130529l1906 k y0rusy50 ca
1010#$arus
102##$aRU
105##$ay z |||||
2001#$aНезаполненные бланки анкет и заявлений кадетской партии
$j[1906]
215##$a23 листа
251##$cДело
300##$aЗаголовок дела на папке: Незаполненные бланки анкет и заявлений кадетской партии по различным вопросам предвыборной и агитационной работы
300##$aЛисты: 5, 11, 13, 14 оборот, 15 - оттиск печати; 10, 15 (вырезана) - марка оторвана; 12 - оттиск (вензель); 17 оборот (2 фрагмента) - почтовая марка
300##$aНапечатано типографским способом
330##$aII. Циркулярные письма и другие обращения руководящих органов к.-д. партии к ее членам
461#0$10011d649a3b-ccdf-484e-a423-ec64c785c8ed
$12001
$aПартия народной свободы (кадеты)
$1251
$cФонд
$1852
$j523
462#0$10018b9e8422-dd9e-4ea7-b938-3dc971685134
$12001
$aПартия народной свободы (кадеты). 1905-1917 гг.
$1251
$cОпись
$1852
$j2
517##$aНезаполненные бланки анкет и заявлений кадетской партии по различным вопросам предвыборной и агитационной работы
60102$3RU\NLR\AUTH\661232767
$aКонституционно-демократическая партия
801#0$aRU
$bGA_RF
801#1$aRU
$bНПО Опыт
$c20130529
$2rusmarc
801#2$aRU
$bПБ им. Б.Н. Ельцина
$c20131127
$gRCR
$2rusmarc
852##$aГА РФ
$j129
937##$d42077804
$hПБ
035##$aRuPRLIB51000255
Формат отображения